000 00652nam a2200229Ia 4500
003 OSt
005 20220928113714.0
006 a|||||r|||| 00| 0
007 ta
008 220927b |||||||| |||| 00| 0 eng d
024 _a39244
037 _cTextual
040 _aSDCL
_cSDCL
_beng
041 _2eng
_aeng
082 _aV2,k,K, L7
100 _aKhan Shafaat Ahmad
_9434597
245 0 _aEast India trade in the xviith century
_b In its political and Economic aspects
260 _aNew Delhi
_bS Chand
_c1977
300 _avii,325p
_ccm.
942 _hV2,k,K, L7
_cTEXL
_2CC
999 _c750903
_d750903